<?xml version="1.0" encoding="UTF-8"?>
<record
    xmlns:xsi="http://www.w3.org/2001/XMLSchema-instance"
    xsi:schemaLocation="http://www.loc.gov/MARC21/slim http://www.loc.gov/standards/marcxml/schema/MARC21slim.xsd"
    xmlns="http://www.loc.gov/MARC21/slim">

  <leader>01839cam a2200229 a 4500</leader>
  <controlfield tag="001">000013060</controlfield>
  <controlfield tag="005">20200929163129.0</controlfield>
  <controlfield tag="008">780531s1970    ve       b    001 0 spa  </controlfield>
  <datafield tag="040" ind1=" " ind2=" ">
    <subfield code="a">DO-SdBNP</subfield>
    <subfield code="b">spa</subfield>
    <subfield code="c">LC</subfield>
    <subfield code="d">BNPHU</subfield>
  </datafield>
  <datafield tag="082" ind1=" " ind2=" ">
    <subfield code="a">355.0098</subfield>
    <subfield code="b">P214p</subfield>
  </datafield>
  <datafield tag="245" ind1="0" ind2="3">
    <subfield code="a">El papel pol&#xED;tico y social de las fuerzas armadas en Am&#xE9;rica Latina :</subfield>
    <subfield code="b">ensayos /</subfield>
    <subfield code="c">[compilador] Virgilio Rafael Beltran.</subfield>
  </datafield>
  <datafield tag="260" ind1=" " ind2=" ">
    <subfield code="a">Caracas :</subfield>
    <subfield code="b">Monte Avila,</subfield>
    <subfield code="c">1970.</subfield>
  </datafield>
  <datafield tag="300" ind1=" " ind2=" ">
    <subfield code="a">350 p. ;</subfield>
    <subfield code="c">20 cm.</subfield>
  </datafield>
  <datafield tag="490" ind1="1" ind2=" ">
    <subfield code="a">Prisma</subfield>
  </datafield>
  <datafield tag="505" ind1="0" ind2=" ">
    <subfield code="a">Virgilio Rafael Beltran. Algunos problemas de la sociolog&#xED;a militar en America Latina -- Virgilio Rafael Beltran. Estrateg&#xED;a, armas y cambio social en Am&#xE9;rica Latina -- Alberto Ciria. Cuatro ejemplos de relaciones entre fuerzas armadas y poder pol&#xED;tico -- Horacio D. Rodr&#xED;guez. Qu&#xE9; es un gorila? -- Virgilio Rafael Beltran. Dos revoluciones en naciones nuevas: Argentina 1943, Egipto 1952 -- Mariano C. Grondona. La estructura c&#xED;vico-militar del nuevo estado argentino -- S. E. Finer. El problema argentino: entre la espada y el estado -- Jose A. Rios. Los militares y el poder en Brasil -- Oliveros S. Ferreira. La geopol&#xED;tica y el ej&#xE9;rcito brasile&#xF1;o -- Vicente Barreto. La presencia militarista -- Francois Bourricaud. Per&#xFA;: el c&#xED;rculo vicioso: o militales o pol&#xED;ticos -- Norberto Ceresole. El nacionalismo militar latinoamericano -- Jerry L. Weaver. Las fuerzas armadas guatemaltecas y la pol&#xED;tica -- Carlos Ba&#xF1;ales Guimaraens. Las fuerzas armadas en la crisis uruguaya -- Robert P. Case. El entrenamiento de militares latinoamericanos en los Estados Unidos.</subfield>
  </datafield>
  <datafield tag="650" ind1=" " ind2="4">
    <subfield code="a">Fuerzas armadas</subfield>
    <subfield code="x">Am&#xE9;rica latina</subfield>
    <subfield code="9">30186</subfield>
  </datafield>
  <datafield tag="651" ind1=" " ind2="4">
    <subfield code="a">Am&#xE9;rica Latina</subfield>
    <subfield code="x">Pol&#xED;tica Y Govierno</subfield>
    <subfield code="y">1948-1980.</subfield>
    <subfield code="9">30187</subfield>
  </datafield>
  <datafield tag="700" ind1="1" ind2=" ">
    <subfield code="a">Beltran, Virgilio Rafael.</subfield>
    <subfield code="9">30188</subfield>
  </datafield>
  <datafield tag="830" ind1=" " ind2="0">
    <subfield code="a">Prisma</subfield>
    <subfield code="9">3770</subfield>
  </datafield>
  <datafield tag="910" ind1=" " ind2=" ">
    <subfield code="a">Catalogaci&#xF3;n por copia / LC</subfield>
  </datafield>
  <datafield tag="049" ind1=" " ind2=" ">
    <subfield code="a">BNGR</subfield>
  </datafield>
  <datafield tag="952" ind1=" " ind2=" ">
    <subfield code="0">0</subfield>
    <subfield code="1">0</subfield>
    <subfield code="5">2</subfield>
    <subfield code="7">0</subfield>
    <subfield code="8">MO</subfield>
    <subfield code="a">GR</subfield>
    <subfield code="b">GR</subfield>
    <subfield code="c">CT</subfield>
    <subfield code="d">2009-11-19</subfield>
    <subfield code="i">LF1</subfield>
    <subfield code="l">0</subfield>
    <subfield code="o">355.0098 P214p</subfield>
    <subfield code="p">13060-10</subfield>
    <subfield code="r">2020-06-25</subfield>
    <subfield code="w">2020-06-25</subfield>
    <subfield code="y">2</subfield>
    <subfield code="Z">Pr&#xE9;stamo interno</subfield>
  </datafield>
  <datafield tag="999" ind1=" " ind2=" ">
    <subfield code="c">12702</subfield>
    <subfield code="d">12702</subfield>
  </datafield>
</record>
